000 00576nam a2200169Ia 4500
003 GCL
008 140319s9999 xx 000 0 ara d
040 _aGCL /
_cGCL
082 0 4 _a600.031
_bش ن
100 1 _aالشركة الشرقية للمطبوعات ش.م.ص
245 1 0 _aالموسوعة التكنولوجيا /
_cالشركة الشرقية للمطبوعات ش.م.ص
260 _a[S.N] :
_bالشركة الشرقية للمطبوعات ،
_c1991
490 _a
650 0 4 _aدوائر المعارف
650 0 4 _aالتكنولوجيا
942 _2ddc
_cBK
999 _c48248
_d48248